La ciencia es el mejor detective / (Record no. 1972)
[ view plain ]
| 000 -CABECERA | |
|---|---|
| campo de control de longitud fija | 00766cam a22002177a 4500 |
| 001 - NÚMERO DE CONTROL | |
| campo de control | 000002114 |
| 005 - FECHA Y HORA DE LA ÚLTIMA TRANSACCIÓN | |
| campo de control | 20260206120312.0 |
| 008 - DATOS DE LONGITUD FIJA--INFORMACIÓN GENERAL | |
| campo de control de longitud fija | 730108s1960 es a 001 0 spa |
| 040 ## - FUENTE DE LA CATALOGACIÓN | |
| Centro catalogador/agencia de origen | DO-SdBNP |
| Centro/agencia transcriptor | OAU |
| Centro/agencia modificador | DLC |
| 041 17 - CÓDIGO DE LENGUA | |
| Código de lengua del texto/banda sonora o título independiente | eng |
| Código de lengua original | spa |
| Fuente del código | Código de idioma MARC |
| 082 ## - NÚMERO DE LA CLASIFICACIÓN DECIMAL DEWEY | |
| Número de clasificación | 363.25 |
| Número de documento/Ítem | P822c |
| 100 1# - ENTRADA PRINCIPAL--NOMBRE DE PERSONA | |
| Nombre de persona | Poole, Lynn. |
| 9 (RLIN) | 6788 |
| 245 13 - MENCIÓN DE TÍTULO | |
| Título | La ciencia es el mejor detective / |
| Mención de responsabilidad, etc. | Lynn Poole ; ilustración de Clifford N. Geary ; traducción de Luis Postigo. |
| 260 ## - PUBLICACIÓN, DISTRIBUCIÓN, ETC. | |
| Lugar de publicación, distribución, etc. | Barcelona : |
| Nombre del editor, distribuidor, etc. | Ramón Sopena, |
| Fecha de publicación, distribución, etc. | 1960. |
| 300 ## - DESCRIPCIÓN FÍSICA | |
| Extensión | 198 p. : |
| Otras características físicas | il. ; |
| Dimensiones | 21 cm. |
| 500 ## - NOTA GENERAL | |
| Nota general | Título original: Science the super sleuth |
| 650 #0 - PUNTO DE ACCESO ADICIONAL DE MATERIA--TÉRMINO DE MATERIA | |
| Término de materia o nombre geográfico como elemento de entrada | Investigación criminal |
| 9 (RLIN) | 6789 |
| 700 1# - PUNTO DE ACCESO ADICIONAL--NOMBRE DE PERSONA | |
| Nombre de persona | Geary, Clifford N. |
| Término indicativo de función/relación | ill. |
| 9 (RLIN) | 6790 |
| 700 1# - PUNTO DE ACCESO ADICIONAL--NOMBRE DE PERSONA | |
| Nombre de persona | Postigo, Luis |
| Término indicativo de función/relación | tr. |
| 9 (RLIN) | 6791 |
| 910 ## - DATOS DE OPCIÓN DEL USUARIO (OCLC) | |
| Datos de opción del usuario | Catalogación por copia / LC |
| Estado de retiro | Estado de pérdida | Restricciones de uso | No para préstamo | Código de colección | Localización permanente | Ubicación/localización actual | Ubicación en estantería | Fecha de adquisición | Número de inventario | Total de préstamos | Signatura topográfica completa | Código de barras | Fecha visto por última vez | Precio válido a partir de | Tipo de ítem Koha |
|---|---|---|---|---|---|---|---|---|---|---|---|---|---|---|---|
| Préstamo interno | Monografías: Libros y Folletos | General | General | En catalogación | 22.09.2009 | LF1 | 363.25 P822c | 2114-10 | 25.06.2020 | 25.06.2020 | Préstamo interno |
